<?xml version="1.0" encoding="UTF-8"?>
<marc:record xmlns:marc="http://www.loc.gov/MARC21/slim">
   <marc:leader>00000nam a2200000 a 4500</marc:leader>
   <marc:datafield ind1="1" ind2=" " tag="100">
      <marc:subfield code="a">Dahimène, Adelheid</marc:subfield>
      <marc:subfield code="4">aut</marc:subfield>
      <marc:subfield code="e">Verfasser/-in</marc:subfield>
   </marc:datafield>
   <marc:datafield ind1="1" ind2=" " tag="100">
      <marc:subfield code="a">Stöllinger, Heide</marc:subfield>
      <marc:subfield code="4">aut</marc:subfield>
      <marc:subfield code="e">Verfasser/-in</marc:subfield>
   </marc:datafield>
   <marc:datafield ind1=" " ind2=" " tag="653">
      <marc:subfield code="a">Jung/Alt</marc:subfield>
   </marc:datafield>
   <marc:datafield ind1=" " ind2=" " tag="653">
      <marc:subfield code="a">Spielen</marc:subfield>
   </marc:datafield>
   <marc:datafield ind1="0" ind2="0" tag="245">
      <marc:subfield code="a">Die seltsame Alte</marc:subfield>
   </marc:datafield>
   <marc:datafield ind1="0" ind2="0" tag="245">
      <marc:subfield code="c">Dahimène, Adelheid</marc:subfield>
   </marc:datafield>
   <marc:datafield ind1=" " ind2="1" tag="264">
      <marc:subfield code="a">St. Pölten</marc:subfield>
      <marc:subfield code="b">Niederösterr. Pressehaus</marc:subfield>
      <marc:subfield code="c">2003</marc:subfield>
   </marc:datafield>
   <marc:datafield ind1="1" ind2=" " tag="520">
      <marc:subfield code="a">Ich spiele dir auf deinen Fesseln ein Lied vor: Zwischen Fangen und Gefangensein spinnt sich ein Dialog zwischen einem kleinen Mädchen und einer seltsamen Alten, die jeden Donnerstag Nachmittag vorbeikommt und das "Hexenspiel" mitbringt: Das bewährte Fadenspiel, das sich in unterschiedlichen Varianten zwischen den eigenen Fingern entspinnt und an die Hände des Gegenübers weitergegeben wird. Illustratorisch eingefangen werden Momente und Augenblicke: Auf braune und rote Farbtöne konzentriert wird die Mimik der Alten auf faszinierende Weise ins Bild gesetzt. Für heute bist du erlöst, aber ich komme wieder, meint sie zum Abschied. Wer sich nicht erlösen lassen will, findet sicher die Möglichkeit, selbst jemanden mit dem Hexenspiel zu umgarnen</marc:subfield>
   </marc:datafield>
   <marc:datafield ind1=" " ind2=" " tag="020">
      <marc:subfield code="a">9783853262733</marc:subfield>
      <marc:subfield code="9">9783853262733</marc:subfield>
   </marc:datafield>
   <marc:datafield ind1=" " ind2=" " tag="041">
      <marc:subfield code="a">ger</marc:subfield>
   </marc:datafield>
   <marc:datafield ind1=" " ind2=" " tag="338">
      <marc:subfield code="a">Band</marc:subfield>
   </marc:datafield>
   <marc:datafield ind1=" " ind2=" " tag="300">
      <marc:subfield code="a">[30] S. : durchg. Il</marc:subfield>
   </marc:datafield>
</marc:record>
